000 00529nam a2200193Ia 4500
005 20250326123448.0
008 250326s9999 xx 000 0 und d
037 _aTextbook
040 _aFMSL
_beng
_cFMSL
041 _aeng
_2eng
084 _aX8(A).44 N8
_qFMSL
100 _aMajumdar R
_9209422
245 0 _aProduct management in india
_cMajumdar Ramanuj
250 _a2
260 _aNew Delhi
_bNew Delhi, Prentice-Hall
_c1998
300 _a347p
942 _cTB
_hX8(A).44 N8
999 _c1269465
_d1269465